Life of Abraham - Statistics

General Stats
  • This quiz has been taken 285 times
    284 since last reset
  • The average score is 13 of 22
Answer Stats
Hint Answer % Correct
Book of the Bible that describes the life of Abraham Genesis
94%
Abraham's first wife Sarah
92%
Abraham's son of promise, born to him when he was 100 Isaac
89%
Abraham's twin grandsons Jacob
89%
Abraham's name before it was changed Abram
87%
Abraham's nephew who moved to Sodom and had to flee before it was destroyed Lot
83%
Relation that Abraham said his wife was when in Egypt Sister
80%
Abraham's twin grandsons Esau
75%
Son Abraham had with the above Ishmael
69%
Abraham's wife's servant who became his concubine Hagar
66%
What he offered instead of his son A ram
61%
Woman who married Abraham's son Rebekah
61%
City that Abraham moved away from after being called by God {Ur} of the Chaldees
52%
What Abraham built in Shechem and Bethel Altar
47%
Attribute that Abraham is often remembered for (hint: Hebrews 11) Faith
45%
Two rulers who took Abraham's wife as their own Pharaoh
42%
Nation that started with Abraham Hebrew
39%
Place where God told Abraham to sacrifice his son as a burnt offering Mount {Moriah}
31%
King of Salem and priest of the Most High God to whom Abraham gave tithes Melchizedek
28%
Woman Abraham married after his first wife died Keturah
14%
Two rulers who took Abraham's wife as their own Abimelech
12%
Place where Abraham and his company stopped on the way to Canaan Haran
11%
No matching quizzes found
Score Distribution
Percent of People with Each Score
Percentile by Number Answered
Your Score History
You have not taken this quiz since the last reset